| 000 | 00424 a2200169 4500 | ||
|---|---|---|---|
| 003 | OSt | ||
| 005 | 20180116182805.0 | ||
| 008 | 160502b xxu||||| |||| 00| 0 eng d | ||
| 022 | _a812040954X | ||
| 040 | _c0 | ||
| 082 | _a658.404 VAL 1995 | ||
| 100 | _aP Krishnan | ||
| 245 |
_aValue Engineering in Prject Management _cP Krishnan |
||
| 260 |
_aNew Delhi _c1995 |
||
| 300 | _a300 p. | ||
| 942 |
_aNBS _cBK _k658.404 VAL _2ddc |
||
| 999 |
_c346038 _d346038 |
||